[Event "40th Olympiad Women"]
[Site "Istanbul TUR"]
[Date "2012.09.04"]
[Round "7.34"]
[Board "1"]
[White "Sop, Selen"]
[Black "Samaganova, Alexandra"]
[Result "1-0"]
[WhiteTitle "WCM"]
[WhiteElo "1993"]
[BlackElo "2057"]
[WhiteTeam "Turkey 2016"]
[BlackTeam "Kyrgyzstan"]
[WhiteFideId "6300278"]
[BlackFideId "13800221"]
[EventDate "2012.08.28"]

1. e4 c5 2. Nf3 e6 3. b3 a6 4. Bb2 Nf6 5. e5 Nd5 6. g3 Nc6 7. Bg2 Be7 8. O-O O-O
9. a4 f6 10. exf6 Bxf6 11. Bxf6 Qxf6 12. Na3 Rb8 13. Nc4 b5 14. axb5 axb5 15.
Nd6 Qe7 16. Nxc8 Rfxc8 17. Qe2 Qf6 18. c3 b4 19. c4 Nc7 20. Qe3 d6 21. Rfd1 e5
22. Qe4 Ne7 23. Ra7 Ne6 24. Bh3 h6 25. d4 cxd4 26. Bxe6+ Qxe6 27. Nxd4 Qf6 28.
Rxe7 Qxe7 29. Nc6 Rxc6 30. Qxc6 Rd8 31. Qb5 e4 32. Re1 Re8 33. Qxb4 Qe5 34. Qd2
Kh8 35. Rd1 Rb8 36. Qxd6 Qxd6 37. Rxd6 Rxb3 38. Re6 Rc3 39. Rxe4 Kh7 40. Kf1 Rc2
41. Kg2 Rc3 42. Rd4 Ra3 43. Rd6 Rc3 44. Rc6 Kg8 45. Rc7 Kf8 46. h4 g6 47. c5 Kg8
48. c6 g5 49. hxg5 hxg5 50. Kh3 Rc4 51. Rc8+ Kg7 52. c7 Kh7 53. f4 gxf4 54. gxf4
Kg7 55. f5 Rc3+ 56. Kg4 Rc4+ 57. Kf3 Rc1 58. Ke3 Rc3+ 59. Kd4 Rc1 60. f6+ Kh7
61. f7 1-0

[Event "40th Olympiad Women"]
[Site "Istanbul TUR"]
[Date "2012.09.04"]
[Round "7.34"]
[Board "2"]
[White "Omurbekova, Diana"]
[Black "Arig, Busra"]
[Result "1/2-1/2"]
[WhiteElo "1697"]
[BlackElo "1864"]
[WhiteTeam "Kyrgyzstan"]
[BlackTeam "Turkey 2016"]
[WhiteFideId "13800752"]
[BlackFideId "6309356"]
[EventDate "2012.08.28"]

1. e4 c5 2. Nf3 e6 3. d3 d6 4. Nbd2 Nc6 5. g3 Nf6 6. Bg2 Be7 7. O-O O-O 8. Re1
Qc7 9. Qe2 Nd7 10. Nf1 Rb8 11. h4 b5 12. N1h2 Bb7 13. h5 h6 14. g4 d5 15. e5
Ndxe5 16. Nxe5 Nxe5 17. Bf4 f6 18. Bxe5 fxe5 19. Qxe5 Qxe5 20. Rxe5 Bd6 21. Rxe6
Bxh2+ 22. Kxh2 Rxf2 23. Rf1 Rxc2 24. Re7 d4 25. Rff7 Rxg2+ 26. Kh3 Bd5 27. Rxg7+
Kf8 28. Rd7 Rd2 29. Rh7 Rxd3+ 30. Kh4 Bg8 31. Rxh6 Rf3 32. Rhd6 Re8 33. Rxa7 Re7
34. Ra8+ Re8 35. Ra7 Rf7 36. Raa6 Rfe7 37. Rac6 Re5 38. Rc7 R8e7 39. Rc8+ Re8
40. Rc7 Be6 41. h6 Kg8 42. Rg7+ Kh8 43. g5 Rg8 44. Rxg8+ Bxg8 45. Rd8 Rd5 46.
Re8 d3 47. g6 d2 48. h7 Rh5+ 49. Kxh5 d1=Q+ 50. Kh4 Qd4+ 51. Kg5 Qd5+ 52. Kh6
Qh1+ 53. Kg5 Qg2+ 54. Kh6 Qh3+ 55. Kg5 Qg3+ 56. Kh5 Qf3+ 1/2-1/2

[Event "40th Olympiad Women"]
[Site "Istanbul TUR"]
[Date "2012.09.04"]
[Round "7.34"]
[Board "3"]
[White "Patel, Yesim"]
[Black "Alymbay, Kyzy Aizhan"]
[Result "1-0"]
[WhiteElo "1845"]
[BlackElo "1810"]
[WhiteTeam "Turkey 2016"]
[BlackTeam "Kyrgyzstan"]
[WhiteFideId "6300200"]
[BlackFideId "13800043"]
[EventDate "2012.08.28"]

1. c4 Nf6 2. Nc3 e6 3. g3 d5 4. Nf3 d4 5. Nb5 c5 6. d3 Nc6 7. Bf4 Qa5+ 8. Qd2
Qxd2+ 9. Kxd2 Ke7 10. e3 a6 11. Na3 Ng4 12. exd4 cxd4 13. h3 e5 14. Bg5+ f6 15.
Bh4 Nh6 16. g4 Kf7 17. Nc2 Bc5 18. Bg2 Re8 19. Rae1 Nb4 20. a3 Nxc2 21. Kxc2 Bd7
22. Nd2 Rab8 23. b4 Be7 24. Bd5+ Kf8 25. c5 b6 26. cxb6 Rxb6 27. Nc4 Ba4+ 28.
Kd2 Rbb8 29. Bg3 Nf7 30. f4 exf4 31. Bxf4 Rbd8 32. Bb7 Bb5 33. Nb6 Ne5 34. Bxe5
fxe5 35. Rhf1+ Kg8 36. Bd5+ Kh8 37. Bc4 Bg5+ 38. Kc2 Be3 39. a4 Bxc4 40. Nxc4
Rb8 41. Nxe3 dxe3 42. Kb3 Red8 43. Rxe3 Rd4 44. b5 axb5 45. a5 Ra4 46. Rxe5 Rxa5
47. Rfe1 Raa8 48. d4 b4 49. d5 h6 50. d6 Kh7 51. d7 Ra3+ 52. Kb2 Rd8 53. Rd1 Ra7
54. Re7 Rc7 55. Kb3 Rb7 56. Rd6 Rbb8 57. h4 Rf8 58. Re3 Rfd8 59. Re4 Rb7 60. Re7
Rbb8 61. h5 Rf8 62. Re3 Rfd8 63. Re4 Rb7 64. Re7 Rbb8 65. g5 hxg5 66. h6 Rf8 67.
hxg7 Rg8 68. Rd4 Rbd8 69. Kxb4 Rxg7 70. Rxg7+ Kxg7 71. Kc5 Kf6 72. Kd6 Kf7 73.
Kc7 Rxd7+ 74. Kxd7 Kf6 75. Rd1 Kf5 76. Kd6 g4 77. Kd5 g3 78. Rf1+ Kg4 79. Ke4 g2
80. Rg1 Kg3 81. Ke3 1-0

[Event "40th Olympiad Women"]
[Site "Istanbul TUR"]
[Date "2012.09.04"]
[Round "7.35"]
[Board "1"]
[White "Zepeda, Lorena"]
[Black "Hallaeva, Bahar"]
[Result "1-0"]
[WhiteTitle "WIM"]
[BlackTitle "WFM"]
[WhiteElo "2139"]
[BlackElo "2174"]
[WhiteTeam "El Salvador"]
[BlackTeam "Turkmenistan"]
[WhiteFideId "6700233"]
[BlackFideId "14000679"]
[EventDate "2012.08.28"]

1. e4 e5 2. Bc4 Nf6 3. Qe2 Nc6 4. Nf3 Bc5 5. c3 O-O 6. Bb3 h6 7. d3 Re8 8. h3 d5
9. g4 dxe4 10. dxe4 Be6 11. Bxe6 Rxe6 12. g5 Nh5 13. gxh6 gxh6 14. Rg1+ Ng7 15.
Nbd2 Kh7 16. Nc4 b5 17. Ne3 b4 18. Bd2 bxc3 19. bxc3 Rg6 20. Qc4 Bxe3 21. Bxe3
Qf6 22. O-O-O Rxg1 23. Nxg1 Qe6 24. Qxe6 Nxe6 25. Rd7 Kg7 26. Nf3 Rd8 27. Rd5 f6
28. Nh4 h5 29. Nf5+ Kf7 30. h4 a6 31. Kc2 Ne7 32. Rxd8 Nxd8 33. Ng3 Kg6 34. Kb3
Ne6 35. Kc4 f5 36. exf5+ Nxf5 37. Kd5 Nxg3 38. Kxe6 Ne4 39. c4 Nd6 40. c5 Nb5
41. Kxe5 Nc3 42. Ke6 a5 43. f4 Ne4 44. f5+ Kg7 45. f6+ 1-0

[Event "40th Olympiad Women"]
[Site "Istanbul TUR"]
[Date "2012.09.04"]
[Round "7.35"]
[Board "2"]
[White "Isaeva, Aknyr"]
[Black "Sanchez, Ingrid"]
[Result "0-1"]
[BlackTitle "WCM"]
[WhiteElo "2011"]
[BlackElo "1992"]
[WhiteTeam "Turkmenistan"]
[BlackTeam "El Salvador"]
[WhiteFideId "14000989"]
[BlackFideId "6700217"]
[EventDate "2012.08.28"]

1. d4 d5 2. c4 e6 3. Nc3 Nf6 4. Bg5 Be7 5. Nf3 O-O 6. e3 b6 7. a3 Bb7 8. Rc1 c5
9. dxc5 bxc5 10. cxd5 exd5 11. Bd3 Nbd7 12. O-O h6 13. Bh4 Nb6 14. Na4 Nfd7 15.
Bxe7 Qxe7 16. Bb1 Rac8 17. Qc2 g6 18. Rfd1 d4 19. Nxb6 Nxb6 20. Qe2 Rfe8 21. Re1
Qf6 22. Nd2 dxe3 23. Nb3 c4 24. Na5 Bxg2 25. Kxg2 Qg5+ 26. Kh1 Qxa5 27. fxe3 Re5
28. Qf2 Qd5+ 29. e4 Qe6 30. Rg1 Kg7 31. Rg3 Rd8 32. Rf3 Nc8 33. Rf1 Nd6 34. Qxa7
Rd7 35. Qe3 Nxe4 36. Bxe4 Rxe4 37. Qc3+ Qe5 38. Qxe5+ Rxe5 39. R1f2 f5 40. Rc3
Rd4 41. Rfc2 Rc5 42. Rc1 Rb5 43. R1c2 Kf6 44. Kg2 Rc5 45. Kf3 g5 46. Ke3 Re4+
47. Kd2 Rd5+ 0-1

[Event "40th Olympiad Women"]
[Site "Istanbul TUR"]
[Date "2012.09.04"]
[Round "7.35"]
[Board "3"]
[White "Avelar, Gabriela"]
[Black "Atabayeva, Gozel"]
[Result "1/2-1/2"]
[WhiteTitle "WFM"]
[BlackTitle "WFM"]
[WhiteElo "1939"]
[BlackElo "2076"]
[WhiteTeam "El Salvador"]
[BlackTeam "Turkmenistan"]
[WhiteFideId "6700667"]
[BlackFideId "14001896"]
[EventDate "2012.08.28"]

1. e4 c5 2. Nf3 Nc6 3. Bb5 g6 4. O-O Bg7 5. c3 a6 6. Bxc6 bxc6 7. e5 Nh6 8. d4
cxd4 9. cxd4 O-O 10. Nc3 d6 11. Bf4 dxe5 12. dxe5 Qxd1 13. Rfxd1 Bg4 14. Rd3
Rab8 15. b3 Rbd8 16. Rad1 Rxd3 17. Rxd3 Bxf3 18. gxf3 Nf5 19. Ne4 h6 20. Nc5 e6
21. Kf1 Ra8 22. h3 Rb8 23. Rd7 g5 24. Bh2 Rb5 25. Nd3 a5 26. f4 Rd5 27. Rxd5
exd5 28. fxg5 hxg5 29. f4 Bh6 30. Ke2 Kg7 31. Kf3 Nd4+ 32. Ke3 Nf5+ 33. Kf3 gxf4
34. Bxf4 Nd4+ 35. Ke3 Ne6 36. Bxh6+ Kxh6 37. b4 axb4 38. Nxb4 d4+ 39. Kd3 c5 40.
Nd5 Kg5 41. h4+ Kxh4 42. a4 Nd8 43. Kc4 Nb7 44. Kb5 Kg5 45. Kb6 c4 46. Kxb7 c3
47. Nb4 Kf4 48. a5 Ke4 49. a6 d3 50. Nxd3 Kxd3 51. a7 c2 52. a8=Q c1=Q 53. Qd8+
Ke4 54. Qf6 Qb2+ 55. Kc8 Qc3+ 56. Kd7 Qxe5 57. Qxf7 Qb5+ 58. Kd8 1/2-1/2

[Event "40th Olympiad Women"]
[Site "Istanbul TUR"]
[Date "2012.09.04"]
[Round "7.36"]
[Board "1"]
[White "Cordero, Daniela"]
[Black "Baklanova, Tatiana"]
[Result "1/2-1/2"]
[WhiteTitle "WIM"]
[BlackTitle "WIM"]
[WhiteElo "2055"]
[BlackElo "2220"]
[WhiteTeam "Bolivia"]
[BlackTeam "ICSC"]
[WhiteFideId "3301630"]
[BlackFideId "14100754"]
[EventDate "2012.08.28"]

1. d4 Nf6 2. Nf3 e6 3. e3 b6 4. Bd3 Bb7 5. O-O d5 6. b3 Nbd7 7. Bb2 Bd6 8. Nbd2
O-O 9. Ne5 c5 10. f4 Ne4 11. Bxe4 dxe4 12. Ndc4 Be7 13. f5 exf5 14. Rxf5 Nf6 15.
Qe1 Qc8 16. Rf1 Qe6 17. Nd2 Ne8 18. Qe2 f6 19. Ng4 Rc8 20. c4 Bd6 21. d5 Qe7 22.
Nf2 f5 23. Nh3 Rc7 24. a4 Qh4 25. Nf4 Qh6 26. g3 Bc8 27. a5 Re7 28. axb6 axb6
29. Ra8 Nc7 30. Ra2 g5 31. Qh5 Qxh5 32. Nxh5 Ne8 33. Ra8 Bb7 34. Rxe8 Rexe8 35.
Nf6+ Rxf6 36. Bxf6 f4 37. Bxg5 f3 38. Ra1 Bb8 39. Kf2 Kf7 40. Ra2 Kg6 41. Bh4
Kf5 42. Nb1 b5 43. Nc3 bxc4 44. bxc4 Be5 45. Nb5 h5 46. Rd2 Bc8 47. Ra2 Bd7 48.
Na7 Rb8 49. Nc6 Bxc6 50. dxc6 Rb6 51. Ra7 Rxc6 52. Rh7 Kg6 53. Re7 Kf5 54. Rh7
Kg6 55. Re7 Kf5 1/2-1/2

[Event "40th Olympiad Women"]
[Site "Istanbul TUR"]
[Date "2012.09.04"]
[Round "7.36"]
[Board "2"]
[White "Mucha, Annegret"]
[Black "Borda, Carla"]
[Result "0-1"]
[WhiteTitle "WCM"]
[BlackTitle "WCM"]
[WhiteElo "2023"]
[BlackElo "1977"]
[WhiteTeam "ICSC"]
[BlackTeam "Bolivia"]
[WhiteFideId "24622788"]
[BlackFideId "3301087"]
[EventDate "2012.08.28"]

1. e4 c6 2. d4 d5 3. exd5 cxd5 4. c4 Nf6 5. Nc3 Nc6 6. cxd5 Nxd5 7. Nf3 Bg4 8.
Be2 e6 9. O-O Be7 10. h3 Bh5 11. Bb5 O-O 12. Bxc6 bxc6 13. g4 Bg6 14. Ne5 Qd6
15. Qa4 Rfc8 16. Nxd5 cxd5 17. Bf4 Qb6 18. Nxg6 hxg6 19. b3 g5 20. Bg3 Qc6 21.
Qxc6 Rxc6 22. Rfc1 Rac8 23. Rxc6 Rxc6 24. Bb8 a6 25. Ba7 Rc2 26. Kg2 Ba3 27. Bb6
Kf8 28. Bc5+ Bxc5 29. dxc5 Rxc5 30. a4 a5 31. Rb1 Ke7 32. b4 axb4 33. Rxb4 Kd6
34. Rb8 Ra5 35. Rb7 f6 36. Rxg7 Rxa4 37. Rg8 Ke5 38. Rb8 Ra6 39. Rb5 Ke4 40. f3+
Ke3 41. Rb3+ Kd4 42. Kg3 Kc4 43. Rb8 d4 44. Rc8+ Kd5 45. Rd8+ Ke5 46. h4 gxh4+
47. Kxh4 Rd6 48. f4+ Kd5 49. Ra8 d3 50. g5 fxg5+ 51. fxg5 d2 52. Ra1 Ke4 53. Rd1
Ke3 54. g6 Ke2 55. g7 Rd8 56. Rg1 d1=Q 57. g8=Q Rxg8 58. Rxg8 Qh1+ 0-1

[Event "40th Olympiad Women"]
[Site "Istanbul TUR"]
[Date "2012.09.04"]
[Round "7.36"]
[Board "3"]
[White "Estrada, Lucia"]
[Black "Gerasimova, Olga"]
[Result "1/2-1/2"]
[WhiteTitle "WIM"]
[BlackTitle "WIM"]
[WhiteElo "2026"]
[BlackElo "2087"]
[WhiteTeam "Bolivia"]
[BlackTeam "ICSC"]
[WhiteFideId "3301923"]
[BlackFideId "24109622"]
[EventDate "2012.08.28"]

1. d4 Nf6 2. Nf3 g6 3. c4 d5 4. e3 Bg7 5. Bd3 O-O 6. Nbd2 c5 7. b3 Nc6 8. Bb2
cxd4 9. exd4 Re8 10. O-O Bg4 11. Re1 e6 12. h3 Bxf3 13. Nxf3 Qb6 14. Qd2 Rac8
15. c5 Qc7 16. b4 Nd7 17. b5 Nd8 18. Bf1 f6 19. Rac1 Nf7 20. Rc2 Nf8 21. a4 Rcd8
22. a5 e5 23. b6 axb6 24. axb6 Qb8 25. Bb5 Re6 26. Ra1 e4 27. Ne1 Bh6 28. Qd1 f5
29. Bc1 Bg7 30. Rca2 h5 31. Ra7 Bh6 32. R1a3 f4 33. Qe2 f3 34. Qd1 fxg2 35. Nxg2
Rf6 36. Bxh6 Nxh6 37. Qa1 Rf3 38. Be2 Rxa3 39. Qxa3 Nf5 40. Qc3 Ne6 41. Ra4 Nf4
42. Bf1 Ne7 43. Qg3 Rf8 44. Ra7 Nxg2 45. Qxg2 Kh7 46. Qg5 Nc6 47. Ra4 Rf5 48.
Qh4 Qf8 49. Bb5 Nxd4 50. Rxd4 Qxc5 51. Bd7 Qxd4 52. Bxf5 gxf5 53. Qxh5+ Kg8 54.
Qe8+ Kh7 55. Qh5+ Kg8 56. Qe8+ Kh7 57. Qh5+ 1/2-1/2

[Event "40th Olympiad Women"]
[Site "Istanbul TUR"]
[Date "2012.09.04"]
[Round "7.37"]
[Board "1"]
[White "Dahdal, Lougain"]
[Black "Colombo, Camila"]
[Result "0-1"]
[WhiteTitle "WIM"]
[BlackTitle "WIM"]
[WhiteElo "1923"]
[BlackElo "2095"]
[WhiteTeam "Jordan"]
[BlackTeam "Uruguay"]
[WhiteFideId "8102880"]
[BlackFideId "3001822"]
[EventDate "2012.08.28"]

1. d4 Nf6 2. c4 g6 3. Nc3 Bg7 4. e4 d6 5. Bd3 Nc6 6. Nge2 e5 7. d5 Nd4 8. Nxd4
exd4 9. Ne2 Nd7 10. O-O c5 11. f4 O-O 12. Ng3 a6 13. e5 dxe5 14. f5 b5 15. b3
Qb6 16. Ne4 Nf6 17. Nxf6+ Bxf6 18. Bh6 gxf5 19. Bxf5 Bg7 20. Bxg7 Kxg7 21. Qg4+
Kh8 22. Bxc8 Raxc8 23. Rxf7 Rxf7 24. Qxc8+ Kg7 25. Qg4+ Qg6 26. Qxg6+ hxg6 27.
Rf1 Rb7 28. g4 bxc4 29. bxc4 e4 30. g5 d3 31. Kf2 Rf7+ 32. Kg2 d2 33. Rb1 e3 34.
d6 e2 0-1

[Event "40th Olympiad Women"]
[Site "Istanbul TUR"]
[Date "2012.09.04"]
[Round "7.37"]
[Board "2"]
[White "Silva, Natalia"]
[Black "Fuad Kamel Jamaliah, Natalie"]
[Result "0-1"]
[BlackTitle "WIM"]
[WhiteElo "1918"]
[BlackElo "1997"]
[WhiteTeam "Uruguay"]
[BlackTeam "Jordan"]
[WhiteFideId "3000575"]
[BlackFideId "724190"]
[EventDate "2012.08.28"]

1. e4 c5 2. Nc3 d6 3. f4 g6 4. Nf3 Bg7 5. Bc4 Nc6 6. O-O e6 7. d3 Nge7 8. Qe1 h6
9. f5 exf5 10. Nh4 O-O 11. Nd5 a6 12. a4 Rb8 13. Qg3 Kh7 14. c3 Be6 15. Nf3 b5
16. axb5 axb5 17. Nxe7 Nxe7 18. Bxe6 fxe6 19. Qh3 Qd7 20. exf5 Rxf5 21. Bd2 Nc6
22. Ng5+ Kg8 23. Ne4 g5 24. Ng3 Rxf1+ 25. Rxf1 Rf8 26. Re1 Re8 27. Ne4 Ne5 28.
Nf2 Qf7 29. Ne4 Rf8 30. Qg3 Qe7 31. Bc1 d5 32. Nd2 Rf5 33. Nb3 Nd7 34. Qc7 Be5
35. Qc8+ Rf8 36. Qa6 Qf6 37. Be3 d4 38. cxd4 cxd4 39. Nxd4 Bxd4 40. Bxd4 Qxd4+
41. Kh1 Nc5 42. Qb6 Qf2 43. Rg1 Nxd3 44. Qxe6+ Qf7 45. Qxf7+ Rxf7 46. h3 Nxb2
47. Rb1 Rf2 48. Kg1 Rc2 49. Re1 b4 50. Re6 Kg7 51. Rd6 b3 52. Rb6 Rc3 53. Kf1
Nc4 54. Rb7+ Kf6 0-1

[Event "40th Olympiad Women"]
[Site "Istanbul TUR"]
[Date "2012.09.04"]
[Round "7.37"]
[Board "3"]
[White "Boshra, Alshaeby"]
[Black "de Leon, Patricia"]
[Result "1-0"]
[WhiteTitle "WFM"]
[WhiteElo "1927"]
[BlackElo "1841"]
[WhiteTeam "Jordan"]
[BlackTeam "Uruguay"]
[WhiteFideId "8102937"]
[BlackFideId "3000273"]
[EventDate "2012.08.28"]

1. d4 d5 2. c4 e6 3. Nf3 Nf6 4. e3 b6 5. a3 Bb7 6. Bd3 Be7 7. Nc3 O-O 8. O-O c5
9. Re1 Ne4 10. cxd5 exd5 11. Qc2 f5 12. Nd2 cxd4 13. exd4 Nc6 14. Nxd5 Nxd4 15.
Nxe7+ Qxe7 16. Qc4+ Ne6 17. Nxe4 fxe4 18. Bxe4 Bxe4 19. Rxe4 Rae8 20. Bd2 Qf6
21. f3 Qf7 22. Bb4 Nc5 23. Bxc5 Rxe4 24. Qxf7+ Rxf7 25. fxe4 bxc5 26. Rc1 Re7
27. Rc4 Kf7 28. Kf2 Re5 29. Ke3 Kf6 30. Ra4 Re7 31. Ra6+ Ke5 32. Rc6 Rb7 33.
Rxc5+ Kd6 34. b4 Rf7 35. Rd5+ Kc6 36. a4 a6 37. Rc5+ Kd6 38. Ra5 Ra7 39. b5 Kc5
40. Rxa6 1-0

[Event "40th Olympiad Women"]
[Site "Istanbul TUR"]
[Date "2012.09.04"]
[Round "7.37"]
[Board "4"]
[White "de San Vicente, Sabrina"]
[Black "Alattar, Ghayda M."]
[Result "1/2-1/2"]
[BlackTitle "WFM"]
[WhiteElo "1730"]
[BlackElo "1921"]
[WhiteTeam "Uruguay"]
[BlackTeam "Jordan"]
[WhiteFideId "3003973"]
[BlackFideId "8101531"]
[EventDate "2012.08.28"]

1. d4 d5 2. c4 e5 3. dxe5 d4 4. Nf3 Nc6 5. a3 Bg4 6. Qb3 Rb8 7. Nbd2 Nge7 8. g3
Ng6 9. Bg2 Qd7 10. O-O Be7 11. Qd1 O-O 12. b4 Ncxe5 13. Bb2 Bxf3 14. Nxf3 Nxf3+
15. Bxf3 Rfd8 16. c5 Ne5 17. Bg2 Bf6 18. Qb3 Qb5 19. Rad1 Qc4 20. Qxc4 Nxc4 21.
Bc1 c6 22. Be4 Re8 23. Bd3 Ne5 24. Bf4 Rbd8 25. Bxe5 Rxe5 26. h4 h6 27. Kg2 Kf8
28. Rh1 Ree8 29. Rdg1 Ra8 30. Ra1 Rad8 31. Ra2 Ra8 32. Rha1 a5 33. Rb1 axb4 34.
Rxb4 Be7 35. Rxb7 Bxc5 36. Rc7 Rec8 37. Rxc8+ Rxc8 38. a4 Ba7 39. a5 c5 40. Bc4
Rb8 41. Rc2 Ke7 42. Kf3 Kd6 43. Ke4 Rb7 44. Kd3 Kc6 45. Ra2 Kd6 46. Ra3 f6 47.
Rb3 Rb4 48. Ra3 Ke5 49. a6 g5 50. hxg5 hxg5 51. Ra5 Kd6 52. Rb5 f5 53. Ra5 Ke5
54. f3 Rb1 55. Rb5 Rxb5 56. Bxb5 Kd5 57. Bc4+ Kc6 58. f4 gxf4 59. gxf4 Bb8 60.
e3 dxe3 61. Kxe3 Kb6 62. Bd3 Bc7 1/2-1/2

[Event "40th Olympiad Women"]
[Site "Istanbul TUR"]
[Date "2012.09.04"]
[Round "7.38"]
[Board "2"]
[White "Boyard, Marie"]
[Black "Makhlouf, Youmna"]
[Result "1-0"]
[BlackTitle "WFM"]
[WhiteElo "2035"]
[BlackElo "1950"]
[WhiteTeam "Luxembourg"]
[BlackTeam "Lebanon"]
[WhiteFideId "4001486"]
[BlackFideId "5300819"]
[EventDate "2012.08.28"]

1. e4 e6 2. Nf3 d5 3. e5 c5 4. b4 cxb4 5. d4 Bd7 6. a3 Nc6 7. axb4 Bxb4+ 8. c3
Bf8 9. Bd3 Nge7 10. Ba3 Ng6 11. Bxf8 Nxf8 12. Na3 a6 13. O-O b5 14. Nd2 Ng6 15.
f4 O-O 16. Qh5 f5 17. exf6 Qxf6 18. Rf3 Nxf4 19. Qxh7+ Kf7 20. Rxf4 Qxf4 21. Rf1
Qxf1+ 22. Nxf1 Rh8 23. Qg6+ Kg8 24. Ne3 Rh6 25. Qg3 Rf8 26. Ng4 Rh8 27. Qc7 Rf7
28. Bg6 Re7 29. Qd6 Kf8 30. Nc2 e5 31. Nxe5 Nxe5 32. dxe5 Rh6 33. Nd4 a5 34.
Qb8+ Be8 35. Bxe8 Rxe8 36. Qxb5 1-0

[Event "40th Olympiad Women"]
[Site "Istanbul TUR"]
[Date "2012.09.04"]
[Round "7.38"]
[Board "3"]
[White "Bedrosian, Danielle"]
[Black "Boyarchenko, Vlada"]
[Result "1-0"]
[WhiteElo "1796"]
[BlackElo "1755"]
[WhiteTeam "Lebanon"]
[BlackTeam "Luxembourg"]
[WhiteFideId "5300479"]
[BlackFideId "4000072"]
[EventDate "2012.08.28"]

1. c4 e5 2. g3 Nf6 3. Bg2 Nc6 4. Nc3 Bc5 5. e4 d6 6. Nge2 Bg4 7. h3 Be6 8. d3 h6
9. a3 a6 10. b4 Ba7 11. Nd5 Nd4 12. Be3 c6 13. Nxf6+ Qxf6 14. Nxd4 exd4 15. Bd2
O-O 16. O-O Rfe8 17. Qh5 Bd7 18. f4 Qg6 19. Qh4 Qe6 20. f5 Qe7 21. f6 Qf8 22.
fxg7 Qxg7 23. Bxh6 Qh7 24. Rf6 Re6 25. Raf1 Rxf6 26. Qxf6 Be6 27. Qh4 Bb6 28.
Bg5 Qxh4 29. Bxh4 Bd8 30. Bxd8 Rxd8 31. g4 Kg7 32. Kf2 f6 33. Kg3 Kg6 34. Bf3
Rh8 35. h4 Bc8 36. Bd1 Be6 37. Bf3 Bc8 38. Bg2 Be6 39. Rc1 Rd8 40. Rc2 Rd7 41.
Kf4 Rh7 42. Kg3 Rd7 43. Bf3 Kh6 44. c5 Bb3 45. Rc1 Ba4 46. cxd6 Rxd6 47. Rc5 Bb5
48. Be2 Re6 49. Rf5 Kg6 50. Kf4 Re7 51. g5 fxg5+ 52. hxg5 Ba4 53. e5 Bb3 54.
Rf6+ Kg7 55. Kf5 Ba2 56. e6 Bb3 57. g6 1-0

[Event "40th Olympiad Women"]
[Site "Istanbul TUR"]
[Date "2012.09.04"]
[Round "7.39"]
[Board "1"]
[White "Tembo, Epah"]
[Black "Milligan, Helen"]
[Result "1/2-1/2"]
[WhiteTitle "WCM"]
[BlackTitle "WFM"]
[WhiteElo "1927"]
[BlackElo "1987"]
[WhiteTeam "Zambia"]
[BlackTeam "New Zealand"]
[WhiteFideId "8700125"]
[BlackFideId "2401312"]
[EventDate "2012.08.28"]

1. e4 e5 2. Bc4 Nf6 3. d3 c6 4. Bg5 Be7 5. Ne2 O-O 6. O-O d5 7. exd5 cxd5 8. Bb3
Nc6 9. c3 h6 10. Bc1 Bf5 11. Ng3 Bg6 12. Bc2 Qd7 13. Nd2 Rad8 14. f4 exf4 15.
Rxf4 Bd6 16. Rf3 Ne5 17. Rf1 Nxd3 18. Nb3 Nxc1 19. Bxg6 Nxb3 20. Bf5 Qb5 21.
axb3 Qb6+ 22. Kh1 Bxg3 23. hxg3 Ne4 24. Bxe4 dxe4 25. Qe2 Rfe8 26. Rf4 Qxb3 27.
Raf1 Re7 28. Rh4 Qd5 29. Qe3 Qd3 30. Re1 Qxe3 31. Rxe3 Rd2 32. b4 f5 33. Rf4 Re5
34. g4 fxg4 35. Rxg4 Rd3 36. Rxd3 exd3 37. Rd4 Re3 38. c4 Kh7 39. Kg1 Kg6 40.
Kf2 Re2+ 41. Kf3 Rb2 42. b5 Rc2 43. g3 Kf6 44. Ke3 d2 45. Ke2 Ke5 46. Rd7 Rxc4
47. Rxg7 Rd4 48. Kd1 a6 49. Rxb7 axb5 50. Rxb5+ Kf6 51. g4 Rxg4 52. Kxd2 Re4 53.
Rb1 h5 54. Re1 Rf4 55. Ke3 Rf5 56. Rg1 h4 57. Rg4 Rh5 58. Kf2 h3 59. Kg1 Kf5 60.
Ra4 Ke5 1/2-1/2

[Event "40th Olympiad Women"]
[Site "Istanbul TUR"]
[Date "2012.09.04"]
[Round "7.39"]
[Board "2"]
[White "Gao, Judy"]
[Black "Mtine, Joy"]
[Result "1-0"]
[WhiteTitle "WCM"]
[WhiteElo "1949"]
[BlackElo "2050"]
[WhiteTeam "New Zealand"]
[BlackTeam "Zambia"]
[WhiteFideId "4302257"]
[BlackFideId "8700206"]
[EventDate "2012.08.28"]

1. c4 g6 2. Nc3 c5 3. g3 Nc6 4. Bg2 Bg7 5. e3 Nb4 6. d3 Nf6 7. a3 Nc6 8. Nge2
Qc7 9. O-O O-O 10. Rb1 d6 11. b4 cxb4 12. axb4 Bd7 13. Bd2 Qc8 14. Nf4 e5 15.
Nfd5 Bg4 16. Qc2 Bh3 17. b5 Nxd5 18. Nxd5 Bxg2 19. Kxg2 Re8 20. bxc6 Qxc6 21. e4
h5 22. h4 Kh7 23. Qb3 b6 24. Ra1 Rf8 25. Rfc1 Qd7 26. Qb5 Qc8 27. Bb4 f5 28.
Bxd6 Rf7 29. f3 Qd8 30. Bb4 f4 31. Be1 g5 32. Bd2 gxh4 33. gxf4 Bh6 34. Rg1 Rg7+
35. Kh2 Qg8 36. Nf6+ 1-0

[Event "40th Olympiad Women"]
[Site "Istanbul TUR"]
[Date "2012.09.04"]
[Round "7.39"]
[Board "3"]
[White "Mbatha, Constance"]
[Black "Fairley, Natasha"]
[Result "0-1"]
[BlackTitle "WFM"]
[WhiteElo "1746"]
[BlackElo "1788"]
[WhiteTeam "Zambia"]
[BlackTeam "New Zealand"]
[WhiteFideId "8700591"]
[BlackFideId "4301439"]
[EventDate "2012.08.28"]

1. e4 e5 2. Nf3 Nc6 3. Be2 Nf6 4. d3 h6 5. Nc3 d6 6. h3 Be6 7. Be3 Ne7 8. Qd2 c6
9. d4 Qc7 10. a3 a6 11. b4 Ng6 12. O-O Be7 13. Nh2 Rc8 14. Bd3 Nh5 15. d5 Bd7
16. Ne2 Nf6 17. c4 c5 18. Rfc1 b6 19. f3 Nh7 20. f4 exf4 21. Nxf4 Ne5 22. Be2
Nf6 23. Qc2 O-O 24. Nf3 Nh7 25. Nxe5 dxe5 26. Nd3 Bg5 27. Bxg5 Nxg5 28. Nf2 f5
29. Bd3 f4 30. Rf1 f3 31. Ng4 Bxg4 32. hxg4 Qd7 33. gxf3 Nxf3+ 34. Rxf3 Rxf3 35.
Bf1 Qxg4+ 36. Bg2 Rcf8 37. Re1 Qg3 38. Qd1 Rf2 0-1

[Event "40th Olympiad Women"]
[Site "Istanbul TUR"]
[Date "2012.09.04"]
[Round "7.40"]
[Board "1"]
[White "Roy, Ali"]
[Black "Mazariego-K., Carolina"]
[Result "0-1"]
[BlackTitle "WIM"]
[WhiteElo "1836"]
[BlackElo "2062"]
[WhiteTeam "Scotland"]
[BlackTeam "Guatemala"]
[WhiteFideId "2400456"]
[BlackFideId "7300115"]
[EventDate "2012.08.28"]

1. Nf3 f5 2. c4 Nf6 3. Nc3 e6 4. e3 d5 5. b3 c6 6. Bb2 Bd6 7. Be2 O-O 8. O-O
Nbd7 9. d4 Ne4 10. Qc2 Qf6 11. Nd2 Qh6 12. f4 g5 13. g3 Ndf6 14. Ncxe4 fxe4 15.
Rf2 Bd7 16. a4 Rf7 17. a5 gxf4 18. gxf4 Rg7+ 19. Rg2 Kf7 20. Nf1 Rxg2+ 21. Kxg2
Qg6+ 22. Kf2 Rg8 23. Ke1 Qg1 24. Kd2 Rg2 25. h3 Qf2 26. Re1 Be7 27. Bc3 Kg8 28.
Kc1 Qh4 29. Qd1 Qxh3 30. b4 dxc4 31. Bxc4 Nd5 32. Qb3 Bh4 33. Rd1 Qf5 34. Be1
Bxe1 35. Rxe1 h5 36. Nd2 h4 37. Rh1 h3 38. Nf1 Qg4 39. Qd1 Qh4 40. Bxd5 exd5 41.
Rh2 Qf2 0-1